| 000 | 00688nmm a2200241 a 4500 | ||
|---|---|---|---|
| 003 | AR-BaBNM | ||
| 005 | 20251128210711.0 | ||
| 008 | 071020s1994 ||||||||||||||000 | spa|| | ||
| 020 | _a950-99879-8-2 | ||
| 040 | _cAR-BaBNM | ||
| 100 | 1 | _aGarzón, Elena | |
| 245 | 1 | 0 | _aVendimia sin tiempo |
| 260 |
_aBuenos Aires _bZeta Editores _c1994 |
||
| 300 | _a58 p. | ||
| 500 | _aEl presente ejemplar contiene una dedicatoria manuscrita de la autora al Dr. Carlos Saúl Menem | ||
| 650 | 4 | _aLITERATURA ARGENTINA | |
| 650 | 4 | _aLITERATURA CONTEMPORANEA | |
| 650 | 4 | _aPOESIA | |
| 655 | _aLITERATURA | ||
| 700 | 1 |
_aGrunwald, Guillermo Kaul _eprologuista |
|
| 942 | _cBK | ||
| 998 | _cMARTIN | ||
| 999 |
_c16504 _d16504 |
||